| 000 | 01679 a2200289 4500 | ||
|---|---|---|---|
| 003 | NALT | ||
| 005 | 20260211105803.0 | ||
| 008 | 250613b th ||||| |||| 00| 1 tha d | ||
| 020 | _a9786168329139 | ||
| 040 | _aNALT | ||
| 041 | 1 |
_atha _hkor |
|
| 090 |
_aFIC _bอ747ห 2566 |
||
| 100 | 1 |
_aอิม, ดามี _966280 |
|
| 245 | 1 | 0 |
_aห้องสมุดบันทึกความทรงจำ / _cผู้เขียน อิมดามี ; ผู้แปล หัทยา. |
| 246 | 3 | 1 |
_aKioksulsa : _bmunemosuui ch'aenjang : changp'yonsosol. Healer of memory : bookshelf of menemos. |
| 250 | _aพิมพ์ครั้งที่ 1. | ||
| 260 |
_aกรุงเทพฯ : _bglow, _c2566. |
||
| 300 |
_a220 หน้า ; _c19 ซม. |
||
| 505 | 0 | _a1 ห้องสมุดของเธอ -- 2 ตามหาอึนอา -- 3 ความทรงจำเกี่ยวกับรักแรก -- 4 แหวนของแม่ที่หายไป -- 5 ห้องสมุดของซอนโอ -- 6 อดีตของฮีจูที่ถูกลบไป -- บทส่งท้าย 1 ความปรารถนาของหมอโจ -- บทส่งท้าย 2 ชั้นหนังสือแห่งมเนโมส. | |
| 650 | 4 |
_aนวนิยายวิทยาศาสตร์ _97967 |
|
| 700 | 0 |
_aหัทยา _96392 |
|
| 942 |
_cFIC _2local |
||
| 996 |
_ajidapa.t _bACQSTF _c2025-06-13 |
||
| 996 |
_avaree.k _bLIBSTF _c2025-06-18 |
||
| 996 |
_asaiphon.d _bCATSTF _c2025-07-15 |
||
| 999 |
_c106893 _d106893 |
||
| 998 |
_j111 _k นางสาวพจพิณ พรมเอี่ยม |
||